| 000 | 00353nam a2200133Ia 4500 | ||
|---|---|---|---|
| 008 | 240624s9999 xx 000 0 und d | ||
| 041 | _aeng | ||
| 082 | _a332.4 DEM | ||
| 100 | _aDEMARTINO IAN | ||
| 245 | _aBITCOIN GUIDEBOOK HOW TO OBTAIN INVEST A | ||
| 260 |
_c2016 _aNew York _bSKYHORSE PUBLISHING |
||
| 300 | _axxiii, 330 p.; 23 cm. | ||
| 365 |
_c _b33 |
||
| 999 |
_c32125 _d32125 |
||